Central Library OPAC University of Rajshahi

মুঘল দরবারে দল ও রাজনীতি : (Record no. 71405)

MARC details
000 -LEADER
fixed length control field 01099nam a2200229 a 4500
001 - CONTROL NUMBER
control field 71405
003 - CONTROL NUMBER IDENTIFIER
rucl marc code BD-RjUL
005 - DATE AND TIME OF LATEST TRANSACTION
control field 20211209082117.0
008 - FIXED-LENGTH DATA ELEMENTS--GENERAL INFORMATION
fixed length control field 160616s1988 ii ||||| |||| 00| 0 ben d
035 ## - SYSTEM CONTROL NUMBER
System control number (BD-RjUL) 71621
040 ## - CATALOGING SOURCE
Original cataloging agency BD-RjUL
Language of cataloging ben
Transcribing agency BD-RjUL
041 ## - LANGUAGE CODE
Language code of text/sound track or separate title ben
082 ## - DEWEY DECIMAL CLASSIFICATION NUMBER
Edition number 23
Classification number 954.023
Author mark and year CHM 1978
100 ## - MAIN ENTRY--PERSONAL NAME
Personal name চন্দ্র, সতীশ
9 (RLIN) 122907
245 10 - TITLE STATEMENT
Title মুঘল দরবারে দল ও রাজনীতি :
Remainder of title ১৭০৭-১৭৪০ /
Statement of responsibility, etc. সতীশ চন্দ্র ; অনুবাদক চন্দ্রিকাপ্রসাদ বন্দ্যোপাধ্যায়
260 ## - PUBLICATION, DISTRIBUTION, ETC. (IMPRINT)
Place of publication, distribution, etc. কলকাতা :
Name of publisher, distributor, etc. কে পি বাগচী,
Date of publication, distribution, etc. ১৯৭৮
300 ## - PHYSICAL DESCRIPTION
Pagination [১১], ৪৪৪ পৃ. ;
Size ২১ সেমি
650 ## - SUBJECT ADDED ENTRY--TOPICAL TERM
Topical term or geographic name as entry element মুঘল ইতিহাস
Geographic subdivision ভারত
9 (RLIN) 122908
Chronological subdivision ১৭০৭-১৭৪০
Topical term or geographic name as entry element Mogul Empire
9 (RLIN) 122909
Chronological subdivision 1707-1740
Geographic subdivision India
700 ## - ADDED ENTRY--PERSONAL NAME
Personal name বন্দ্যোপাধ্যায়, চন্দ্রিকাপ্রসাদ, অনুবাদক
942 ## - ADDED ENTRY ELEMENTS (KOHA)
Source of classification or shelving scheme Dewey Decimal Classification
Koha item type Books
Holdings
Lost status Source of classification or shelving scheme Damaged status Not for loan Collection code Permanent Location Current Location Shelving location Date acquired Source of acquisition Cost, normal purchase price Total Checkouts Full call number Date last seen Copy number Koha item type
  Dewey Decimal Classification   Not For Loan Non-fiction Central Library, University of Rajshahi Central Library, University of Rajshahi Reading Room 12/01/1980 India International, Calcutta. 30.00   B 954.023 CHM 1978 03/05/2017 C-1 Books